Responses for show #7637 - Tuesday, November 21, 2017

Contestants

Wilbur Farley, a lecturer from Patchogue, New York

Kiana Nakamura, a graduate student from Corona, California

Eric Maher, an attorney from Epping, New Hampshire (whose 1-day cash winnings total $31,500)

Jeopardy! Round responses

BIBLE STUDY
WORDS FROM THE GREEK
STATE CAPITAL HAIKU
PARTS OF THE "HOLE"
A 1- THROUGH 5-STAR RATING
20/20 AT 40
    $200 2
walk on water

Kiana
    $200 14
acme

Wilbur
    $200 1
Salem

Kiana
    $200 5
a manhole

Eric
    $200 21
notebooks

Eric
    $200 26
Pope Francis

Wilbur
    $400 3
(Kiana: What is the Pentateuch?)

the Torah

Kiana
Triple Stumper
    $400 15
a panorama

Kiana
    $400 10
(Wilbur: What is Idaho?)

Boise

EricWilbur
    $400 6
a black hole

Eric
    $400 22
a brigadier general

Eric
    $400 27
Alzheimer's

Kiana
    $600 4
(Eric: Who is Moses?)

Joseph

Eric
Triple Stumper
    $600 18
dilemma

Triple Stumper
    $600 11
Juneau

Eric
    $600 7
a donut hole

Kiana
    $600 23
hockey

Eric
    $600 28
heroin

Eric
    $800 16
(Eric: Who is Ezekiel?)

John the Baptist

EricKiana
    $800 19
cosmopolitan

Triple Stumper
    $800 12
Providence

Eric
    $800 8
blowholes

Triple Stumper
    $800 24
orbit two stars

Eric
    $800 29
ISIL (or ISIS)

Eric
    $1000 17
(Eric: Who is Elijah?)

Jeremiah

Eric
Triple Stumper
    $1000 20
(Alex: We'll accept that.)

homogenous

Wilbur
    $2,800 13
Hartford

Eric
    $1000 9
a foxhole

Eric
    $1000 25
the Netherlands

Triple Stumper
    $1000 30
Gaddafi

Wilbur

Scores at the first commercial break (after clue 15):

Eric Kiana Wilbur
$5,600 $1,000 -$200

Scores at the end of the Jeopardy! Round:

Eric Kiana Wilbur
$7,200 $2,200 $2,000

Double Jeopardy! Round responses

MILLENNIALS
UNPLUGGED
TRUUUE
"INSTA"!
THIRSTY
NETFLIX & SPELL
    $400 12
Cyrillic

Kiana
    $400 5
Bluetooth

Wilbur
    $400 1
Silicon Valley

Eric
    $400 2
instant replay

Eric
    $400 18
gin and juice

Eric
    $400 23
(Alex: Bill Nye.)

N-Y-E

Kiana
    $800 13
the Althing

Triple Stumper
    $800 6
a hairbrush

Eric
    $800 17
Ruth Bader Ginsburg

Eric
    $800 3
Instagram

Kiana
    $800 19
cinnamon

Kiana
    $1200 14
Newfoundland

Eric
    $1200 9
Samsung

Wilbur
    $1200 24
Coretta Scott King

Wilbur
    $1,000 4
(Kiana: What is instating?)
[Originally ruled incorrect; ruled correct before the second Daily Double]

instating (or installation)

Kiana
    $1200 20
vodka

Wilbur
    $1600 15
Ethelred

Wilbur
    $1600 10
a laser

Kiana
    $1,400 25
(Wilbur: Who are the Rough Riders?)
...
[The end-of-round signal sounds.]

the Wright brothers

Wilbur
    $1600 7
an Instamatic

Wilbur
    $1600 21
(Wilbur: What is a black and tan?)

snakebite

Wilbur
Triple Stumper
    $2000 16
Cordoba

Triple Stumper
    $2000 11
(Eric: What is a heartbeat?)

their body temperature

EricKiana
    $2000 8
instability

Wilbur
    $2000 22
(Alex: With less than a minute to go now.)

Frangelico

Wilbur

Scores at the end of the Double Jeopardy! Round:

Eric Kiana Wilbur
$9,200 $9,200 $10,200

[wagering suggestions for these scores]

Final Jeopardy! Round responses

CLASSIC ALBUMS
(Alex: [To Wilbur] We will not accept it. You did not complete your response, unfortunately.)
KianaWhat is Sgt Pepper's Lonely Hearts Club Band
$1,300
EricWhat is The White Album The Wall
$7,000
WilburWhat is Sgt Pepper's Lonely heart
$8,201
Sgt. Pepper's Lonely Hearts Club Band

Final scores:

Eric Kiana Wilbur
$2,200 $10,500 $1,999
2nd place: $2,000 New champion: $10,500 3rd place: $1,000

Game dynamics:

Coryat scores:

Eric Kiana Wilbur
$7,400 $9,400 $11,600
19 R
(including 1 DD),
4 W
13 R
(including 1 DD),
1 W
12 R,
3 W
(including 1 DD)

Combined Coryat: $28,400

The J! Archive is created by fans, for fans. The Jeopardy! game show and all elements thereof, including but not limited to copyright and trademark thereto, are the property of Jeopardy Productions, Inc. and are protected under law. This website is not affiliated with, sponsored by, or operated by Jeopardy Productions, Inc. Join the discussion at JBoard.tv.